Merrill pre-algebra : a transition to algebra /

保存先:
書誌詳細
第一著者: Price, Jack
フォーマット: 図書
言語:Vietnamese
出版事項: Glencoe/McGraw- Hill 1995
タグ: タグ追加
タグなし, このレコードへの初めてのタグを付けませんか!
Thư viện lưu trữ: Mạng thư viện Đại học Đà Nẵng
LEADER 00663nam a2200265 4500
001 000028110
003 PR-J95
005 20150403120000.0
008 150403s vm 000 vie
020 |c 0,0000 
040 |a notts 
100 |a Price, Jack 
245 |a Merrill pre-algebra : a transition to algebra /  |c Jack Price, James N. Rath, William Leschensky. 
260 |b Glencoe/McGraw- Hill  |c 1995 
OWN |a LTT 
999 |a From the UDN01 
TYP |a Monograph 
TYP |a Printed language 
980 |a Mạng thư viện Đại học Đà Nẵng